000 00491cam a2200193 4500
001 D5115
008 090401t1985 xxu||||| |||| 00| 0 eng d
035 _a(Sirsi) u34352
041 _aeng
050 _a336.2109411
110 _aUnited Kingdom
_bScottish Office
_91510
245 _aValuation appeals: notes for guidance on procedure
260 _aEdinburgh
_bScottish Office
_c1985
300 _a6p. 21cm
350 _a0
520 _aCover title
942 _n0
948 _c04/03/1997
999 _c89931
_d89931